| 000 | 00771nam a22002537a 4500 | ||
|---|---|---|---|
| 003 | BUBTL | ||
| 008 | 240807b ||||| |||| 00| 0 eng d | ||
| 020 | _a9780199249411 | ||
| 041 | _aEnglish | ||
| 082 | _a346.022/ P766i/ 2005 | ||
| 100 |
_95873 _aPolock, S. F. |
||
| 245 |
_aIntroduction to the Law of Contract/ _bS. F. Polock, Stephen A. Smith |
||
| 250 | _a6th ed. | ||
| 260 |
_aNew York : _bClarendon Press Oxford, _cc2005 |
||
| 300 |
_a[xxxvi], 44 p. : _bill. ; 21 cm. |
||
| 500 | _aIncludes Index. | ||
| 505 | _aIntroduction to the Law of Contract, S. F. Polock, Stephen A. Smith | ||
| 526 | _aLaw | ||
| 658 | _aLaw | ||
| 700 |
_95874 _aStephen A. Smith |
||
| 856 |
_k0 _l0 _yDownload |
||
| 942 |
_2ddc _cBK |
||
| 999 |
_c7342 _d7342 |
||